Kwadrat Scalonych Krajów - Statystyki

Ogólne statystyki
  • Ten quiz został rozwiązany 179 razy
  • Średni wynik to 32 z 52
Odpowiedzi na mapie
Odpowiedzi zakodowano w zielono-czerwonej skali na mapie do tego quizu, zgodnie z poniższymi procentami.
 
Statystyki odpowiedzi
kraj % Poprawnych
Niemcy
95%
Polska
94%
Chiny
92%
Hiszpania
90%
Turcja
88%
Egipt
87%
Argentyna
86%
Japonia
84%
Szwecja
82%
Kazachstan
81%
Portugalia
80%
Islandia
79%
Finlandia
78%
Libia
76%
Iran
75%
Irlandia
73%
Maroko
73%
Nowa Zelandia
73%
Sudan
73%
Szwajcaria
70%
Czad
68%
Angola
67%
Namibia
67%
Pakistan
65%
Etiopia
63%
Austria
61%
Mongolia
61%
Australia
60%
Wenezuela
60%
Brazylia
59%
Sri Lanka
59%
Meksyk
58%
Madagaskar
57%
Jemen
55%
Ukraina
54%
Tunezja
53%
Oman
51%
Rumunia
48%
Afganistan
47%
Kenia
47%
Paragwaj
47%
Boliwia
45%
Peru
40%
Kolumbia
38%
Papua-Nowa Gwinea
37%
Urugwaj
37%
Algieria
34%
Białoruś
34%
Arabia Saudyjska
30%
Ekwador
28%
Korea Południowa
28%
Tanzania
24%
Nie znaleziono quizów pasujących do podanych kryteriów
Rozkład punktacji
Procent ludzi z każdym wynikiem
Percentyl według liczby udzielonych odpowiedzi
Twoja historia wyników
Nie rozwiązałeś tego quizu